| 000 | 00480nam a2200157 a 4500 | ||
|---|---|---|---|
| 001 | 000045229 | ||
| 005 | 20201002050002.0 | ||
| 008 | 150212s2002 dr a 000 0 spa d | ||
| 040 |
_aDO-SdBNP _bspa _cBNPHU |
||
| 082 |
_axxxx _bxxxx |
||
| 100 | 1 |
_aSosa, José Rafael _964 |
|
| 245 | 1 | 3 |
_aEl camino secreto / _cJosé Rafael Sosa ; ilustraciones Lidisset Reyes. |
| 260 |
_aSanto Domingo : _bBúho, _c2002. |
||
| 300 |
_a24 p. : _bil. ; _c22 cm. |
||
| 700 | 1 | 2 |
_aReyes, Lidisset, _eil. _973252 |
| 999 |
_c44718 _d44718 |
||